Modern Cosmology and the Dark Matter Problem (Cambridge Lecture Notes in Physics) (Record no. 530912)
[ view plain ]
| 000 -LEADER | |
|---|---|
| fixed length control field | 00394nam a2200133Ia 4500 |
| 008 - FIXED-LENGTH DATA ELEMENTS--GENERAL INFORMATION | |
| fixed length control field | 191014s9999 xx 000 0 und d |
| 020 ## - INTERNATIONAL STANDARD BOOK NUMBER | |
| International Standard Book Number | 0-521-43848-9 |
| 082 ## - DEWEY DECIMAL CLASSIFICATION NUMBER | |
| Classification number | 523.1 |
| Author Mark | SCI |
| 100 ## - MAIN ENTRY--PERSONAL NAME | |
| Personal name | D.W.Sciama |
| 9 (RLIN) | 20339 |
| 245 #0 - TITLE STATEMENT | |
| Title | Modern Cosmology and the Dark Matter Problem (Cambridge Lecture Notes in Physics) |
| 260 ## - PUBLICATION, DISTRIBUTION, ETC. | |
| Place of publication, distribution, etc. | UK |
| Name of publisher, distributor, etc. | Cambridge University Press |
| Date of publication, distribution, etc. | 1993 |
| 300 ## - PHYSICAL DESCRIPTION | |
| Extent | Xv,216 |
| 942 ## - ADDED ENTRY ELEMENTS (KOHA) | |
| Koha item type | Book |
| Withdrawn status | Lost status | Damaged status | Not for loan | Permanent Location | Current Location | Date acquired | Source of acquisition | Cost, normal purchase price | Total Checkouts | Full call number | Barcode | Date last seen | Price effective from | Koha item type |
|---|---|---|---|---|---|---|---|---|---|---|---|---|---|---|
| School of Natural Sciences (SNS) | School of Natural Sciences (SNS) | 10/15/2019 | Donation | 0.00 | 523.1SCI | SNS0002689 | 10/15/2019 | 10/15/2019 | Book |
